Характеристика способов организации участков обработки деталей низа обуви; Научные труды; Сб. 9

Bibliografske podrobnosti
Parent link:Научные труды: [сборник]/ Московский технологический институт легкой промышленности (МТИЛП).— , 1954-
Сб. 9.— 1957.— С. 222-228
Glavni avtor: Овчинников С. И.
Drugi avtorji: Есин В. А.
Jezik:ruščina
Izdano: 1957
Format: MixedMaterials Book Chapter
KOHA link:https://koha.lib.tpu.ru/cgi-bin/koha/opac-detail.pl?biblionumber=198094

MARC

LEADER 00000naa2a2200000 4500
001 198094
005 20231031183755.0
035 |a (RuTPU)RU\TPU\book\216077 
035 |a RU\TPU\book\216076 
090 |a 198094 
100 |a 20110623d1957 k y0rusy50 ca 
101 0 |a rus 
102 |a RU 
200 1 |a Характеристика способов организации участков обработки деталей низа обуви  |f С. И. Овчинников, В. А. Есин 
461 0 |0 (RuTPU)RU\TPU\book\215279  |t Научные труды  |o [сборник]  |f Московский технологический институт легкой промышленности (МТИЛП)  |d 1954- 
463 0 |0 (RuTPU)RU\TPU\book\216012  |t Сб. 9  |f под ред. В. Н. Цветкова  |v С. 222-228  |d 1957  |p 389 с. 
700 1 |a Овчинников  |b С. И. 
701 1 |a Есин  |b В. А. 
801 1 |a RU  |b 63413507  |c 20110623 
801 2 |a RU  |b 63413507  |c 20110623  |g RCR 
942 |c BK